[Event "Varsity Oxbridge m 138th"]
[Site "London"]
[Date "2020.03.07"]
[Round "1.8"]
[White "Sutton, Daniel"]
[Black "Camp, Imogen AL"]
[Result "1/2-1/2"]
[WhiteElo "1874"]
[BlackElo "1849"]
[PlyCount "166"]
[EventDate "2020.03.07"]
[EventType "team-match"]
[EventRounds "1"]
[EventCountry "ENG"]
[SourceTitle "CBM 195 Extra"]
[Source "ChessBase"]
[SourceDate "2020.05.31"]
[SourceVersion "1"]
[SourceVersionDate "2020.05.31"]
[SourceQuality "1"]
[WhiteTeam "Oxford"]
[BlackTeam "Cambridge"]
[WhiteTeamCountry "ENG"]
[BlackTeamCountry "ENG"]

1. e4 e5 2. Nf3 Nc6 3. Bc4 Bc5 4. c3 Nf6 5. d3 d6 6. Bb3 h6 7. h3 0-0 8. Nbd2 Ne7 9. Nf1 Ng6 10. Ng3 c6 11. 0-0 d5 12. exd5 cxd5 13. d4 exd4 14. Nxd4 Re8 15. Be3 Bb6 16. Re1 Ne5 17. Bf4 Nc4 18. Rxe8+ Qxe8 19. Rb1 Be6 20. Qf3 Bxd4 21. cxd4 Rc8 22. Bxh6 a5 23. Bg5 Nh7 24. Bf4 Qb5 25. Bc2 Nf8 26. Bd3 Qb4 27. a3 Qb6 28. Be3 Qd6 29. Nf5 Bxf5 30. Qxf5 Rc6 31. Bf4 Qd8 32. Be5 a4 33. Qg4 Ng6 34. Qf5 Rb6 35. Bxc4 dxc4 36. Qc2 Rb3 37. Qxc4 b5 38. Qc7 Qg5 39. Qc8+ Kh7 40. Qg4 Qd2 41. Qh5+ Kg8 42. Qd1 Qxd1+ 43. Rxd1 Nxe5 44. dxe5 Rxb2 45. Rd7 b4 46. axb4 a3 47. Ra7 a2 48. Kh2 Rxf2 49. b5 Rb2 50. b6 Rxb6 51. Rxa2 Re6 52. Ra5 Kh7 53. Kg3 Kg6 54. Kg4 Rb6 55. Ra4 f6 56. exf6 Rxf6 57. h4 Rb6 58. g3 Rc6 59. Rf4 Rc5 60. Rd4 Rc6 61. h5+ Kh6 62. Kh4 g6 63. hxg6 Rxg6 64. Rd5 Rb6 65. g4 Ra6 66. Kg3 Ra4 67. Rf5 Kg6 68. Kh4 Rb4 69. Rc5 Rb6 70. Rc4 Ra6 71. Rc8 Rb6 72. Rg8+ Kh7 73. Rg5 Kh6 74. Rc5 Kg6 75. Rc4 Ra6 76. Kg3 Rf6 77. Rc5 Rf7 78. Rc8 Rf6 79. Kh4 Rb6 80. Rc4 Ra6 81. g5 Ra1 82. Rc6+ Kg7 83. Kh5 Rh1+ 1/2-1/2

[Event "GBR-ch 105th Weekend op"]
[Site "Hull"]
[Date "2018.07.28"]
[Round "3"]
[White "Wells, Jonathan C"]
[Black "Sutton, Daniel"]
[Result "1/2-1/2"]
[WhiteElo "1955"]
[BlackElo "1875"]
[PlyCount "49"]
[EventDate "2018.07.27"]
[EventType "swiss"]
[EventRounds "5"]
[EventCountry "ENG"]
[SourceTitle "EXT 2019"]
[Source "ChessBase"]
[SourceDate "2018.10.10"]
[SourceVersion "1"]
[SourceVersionDate "2018.10.10"]
[SourceQuality "1"]

1. d4 Nf6 2. c4 g6 3. g3 Bg7 4. Bg2 d5 5. cxd5 Nxd5 6. Nf3 0-0 7. 0-0 Nb6 8. Nc3 c6 9. Bf4 Na6 10. h3 Nc7 11. Be5 f6 12. Bxc7 Qxc7 13. Qb3+ Kh8 14. Rac1 Qd6 15. Ne4 Qd5 16. Qxd5 Nxd5 17. Nc5 Nc7 18. Nd2 Ne6 19. Ndb3 Nxc5 20. Nxc5 f5 21. Rfd1 Rb8 22. e3 e6 23. b3 Rd8 24. f4 Rd6 25. Nd3 1/2-1/2

[Event "GBR-ch 105th Weekend op"]
[Site "Hull"]
[Date "2018.07.27"]
[Round "1"]
[White "Villiers, Thomas"]
[Black "Sutton, Daniel"]
[Result "1-0"]
[WhiteElo "2173"]
[BlackElo "1875"]
[PlyCount "43"]
[EventDate "2018.07.27"]
[EventType "swiss"]
[EventRounds "5"]
[EventCountry "ENG"]
[SourceTitle "EXT 2019"]
[Source "ChessBase"]
[SourceDate "2018.10.10"]
[SourceVersion "1"]
[SourceVersionDate "2018.10.10"]
[SourceQuality "1"]

1. c4 Nf6 2. Nc3 d5 3. cxd5 Nxd5 4. g3 g6 5. Qb3 Nf6 6. Bg2 c6 7. Nf3 Bg7 8. 0-0 0-0 9. d4 Nbd7 10. e4 Nb6 11. Qc2 Bg4 12. Rd1 Qc8 13. a4 a5 14. b3 c5 15. Be3 c4 16. Rac1 Bxf3 17. Bxf3 Qh3 18. d5 Nfd7 19. Qe2 f5 20. exf5 gxf5 21. Bxb6 Nxb6 22. Qe6+ 1-0

[Event "BCF-chT3Sb 1718 (4NCL)"]
[Site "England"]
[Date "2018.02.10"]
[Round "5.85"]
[White "Fowler, Hugo"]
[Black "Sutton, Daniel"]
[Result "0-1"]
[WhiteElo "1780"]
[BlackElo "1859"]
[PlyCount "82"]
[EventDate "2017.11.11"]
[EventType "team-tourn"]
[EventRounds "11"]
[EventCountry "ENG"]
[SourceTitle "EXT 2020"]
[Source "ChessBase"]
[SourceDate "2019.10.17"]
[SourceVersion "1"]
[SourceVersionDate "2019.10.17"]
[SourceQuality "1"]
[WhiteTeam "West is Best III"]
[BlackTeam "Sussex Martlets II"]
[WhiteTeamCountry "WLS"]
[BlackTeamCountry "ENG"]

1. e4 e5 2. Nf3 Nc6 3. Bc4 Bc5 4. c3 Nf6 5. d3 a6 6. Bb3 Ba7 7. Nbd2 d6 8. Nf1 0-0 9. Ng3 Ne7 10. Bg5 Ng6 11. Nh5 Qe7 12. Qd2 Bg4 13. Nxf6+ gxf6 14. Bh6 Rfe8 15. h4 Kh8 16. h5 Nf8 17. Rh4 Bxf3 18. gxf3 Ne6 19. Rg4 Rg8 20. 0-0-0 Rxg4 21. fxg4 Rg8 22. Rg1 Ng5 23. Rg3 c6 24. a3 b5 25. Bxg5 fxg5 26. Rf3 Rf8 27. Rf5 h6 28. Qc2 f6 29. Ba2 Kg7 30. Qb3 Rd8 31. Qb4 Bb6 32. a4 Qa7 33. axb5 axb5 34. Qb3 d5 35. Qa3 Qxa3 36. bxa3 dxe4 37. dxe4 Rd3 38. Kc2 Rh3 39. f3 Rh2+ 40. Kb3 c5 41. Bb1 c4+ 0-1

[Event "BCF-chT3Sb 1718 (4NCL)"]
[Site "England"]
[Date "2018.01.13"]
[Round "3.85"]
[White "Sutton, Daniel"]
[Black "Burrows, Nick"]
[Result "1/2-1/2"]
[WhiteElo "1859"]
[BlackElo "1920"]
[PlyCount "84"]
[EventDate "2017.11.11"]
[EventType "team-tourn"]
[EventRounds "11"]
[EventCountry "ENG"]
[SourceTitle "EXT 2020"]
[Source "ChessBase"]
[SourceDate "2019.10.17"]
[SourceVersion "1"]
[SourceVersionDate "2019.10.17"]
[SourceQuality "1"]
[WhiteTeam "Sussex Martlets II"]
[BlackTeam "Oxford II"]
[WhiteTeamCountry "ENG"]
[BlackTeamCountry "ENG"]

1. e4 c6 2. Nf3 d5 3. exd5 cxd5 4. Ne5 Nc6 5. d4 Nf6 6. Bb5 Bd7 7. Nxd7 Qxd7 8. 0-0 e6 9. Bf4 a6 10. Be2 Bd6 11. Bxd6 Qxd6 12. c3 0-0 13. Nd2 Rfc8 14. f4 b5 15. a3 Na5 16. b4 Nc4 17. Nxc4 bxc4 18. Qc2 Ne4 19. f5 exf5 20. Rxf5 g6 21. Rff1 f5 22. Rae1 Re8 23. g4 fxg4 24. Bxg4 Re7 25. Re2 Rae8 26. Bf3 Ng5 27. Rxe7 Nxf3+ 28. Rxf3 Qxe7 29. Qd2 Qh4 30. Rg3 Qe4 31. a4 Qb1+ 32. Kf2 Qh1 33. Rg2 Rf8+ 34. Kg3 Qb1 35. Qe3 Qf1 36. Qe6+ Kg7 37. Qe5+ Kh6 38. Qe3+ g5 39. a5 Rf4 40. Qe2 Qb1 41. Qe6+ Kh5 42. Qe8+ Kh6 1/2-1/2

[Event "Douglas IoM Major op"]
[Site "Douglas"]
[Date "2017.10.01"]
[Round "7"]
[White "Cross, Glenn"]
[Black "Sutton, Daniel"]
[Result "0-1"]
[WhiteElo "1893"]
[BlackElo "1811"]
[PlyCount "44"]
[EventDate "2017.09.25"]
[EventType "swiss"]
[EventRounds "7"]
[EventCountry "IOM"]
[SourceTitle "CBM 181 Extra"]
[Source "ChessBase"]
[SourceDate "2017.12.12"]
[SourceVersion "1"]
[SourceVersionDate "2017.12.12"]
[SourceQuality "1"]

1. d4 Nf6 2. c4 g6 3. Nc3 d5 4. cxd5 Nxd5 5. e4 Nxc3 6. bxc3 Bg7 7. Be3 c5 8. Bc4 0-0 9. Ne2 Nc6 10. 0-0 Bg4 11. f3 Na5 12. Bxf7+ Rxf7 13. fxg4 Rxf1+ 14. Qxf1 cxd4 15. Bxd4 e5 16. Be3 Qd3 17. Bc5 Qxe4 18. Qf2 b6 19. Bb4 Nc4 20. Rf1 Qe3 21. h3 Qxf2+ 22. Rxf2 Re8 0-1

[Event "GBR-ch Major 103rd"]
[Site "Bournemouth"]
[Date "2016.07.29"]
[Round "5"]
[White "Sutton, Daniel"]
[Black "Ivekovic, Tihana"]
[Result "0-1"]
[WhiteElo "1812"]
[BlackElo "2129"]
[PlyCount "110"]
[EventDate "2016.07.25"]
[EventType "swiss"]
[EventRounds "11"]
[EventCountry "ENG"]
[SourceTitle "CBM 173 Extra"]
[Source "ChessBase"]
[SourceDate "2016.08.29"]
[SourceVersion "1"]
[SourceVersionDate "2016.08.29"]
[SourceQuality "1"]

1. e4 c5 2. c3 d5 3. exd5 Qxd5 4. d4 Nf6 5. Nf3 cxd4 6. cxd4 e6 7. Bd3 Nc6 8. Nc3 Qd8 9. 0-0 Be7 10. a3 0-0 11. Bg5 b6 12. Bxf6 Bxf6 13. Be4 Bb7 14. d5 exd5 15. Nxd5 Bxb2 16. Ra2 Bf6 17. Rd2 Na5 18. Re1 Kh8 19. Nxf6 Qxf6 20. Rd6 Rad8 21. Rxf6 Rxd1 22. Rxd1 gxf6 23. Bxb7 Nxb7 24. Rd7 Rd8 25. Rxd8+ Nxd8 26. Nd4 Kg7 27. Kf1 Kf8 28. Ke2 Ke7 29. Ke3 a6 30. Ke4 Kd6 31. Nb3 Nb7 32. Kd4 Nc5 33. Nd2 b5 34. f3 f5 35. g3 a5 36. h3 Ne6+ 37. Kc3 Nd8 38. Nb3 Nc6 39. f4 Kd5 40. Kd3 a4 41. Nd2 b4 42. axb4 Nxb4+ 43. Kc3 Nc6 44. Nc4 Kc5 45. Nb2 a3 46. Nd3+ Kd5 47. Kb3 Ke4 48. Ne1 Nd4+ 49. Kxa3 Ne2 50. Kb3 Nxg3 51. Kc4 Ne2 52. Nd3 Nxf4 53. Nc5+ Ke3 54. h4 Ng2 55. h5 f4 0-1

[Event "BCF-ch Week1 AM op"]
[Site "Coventry"]
[Date "2015.07.27"]
[Round "1"]
[White "Sutton, Daniel"]
[Black "Ivekovic, Tihana"]
[Result "0-1"]
[WhiteElo "1789"]
[BlackElo "2039"]
[PlyCount "98"]
[EventDate "2015.07.27"]
[EventType "swiss"]
[EventRounds "5"]
[EventCountry "ENG"]
[SourceTitle "EXT 2016"]
[Source "ChessBase"]
[SourceDate "2015.10.08"]
[SourceVersion "1"]
[SourceVersionDate "2015.10.08"]
[SourceQuality "1"]

1. e4 c5 2. c3 Nf6 3. e5 Nd5 4. d4 cxd4 5. cxd4 e6 6. Nf3 Nc6 7. Bd3 d6 8. 0-0 Qc7 9. Qe2 Be7 10. Nc3 Nxc3 11. bxc3 dxe5 12. Nxe5 Nxe5 13. Bf4 Bd6 14. dxe5 Be7 15. Bb5+ Bd7 16. Rad1 Bc6 17. Qc4 Rc8 18. Bxc6+ Qxc6 19. Qxc6+ Rxc6 20. Rd3 Rc7 21. Rfd1 0-0 22. Rd7 Rfc8 23. Be3 b6 24. Kf1 Kf8 25. Rxc7 Rxc7 26. Bd4 Ke8 27. Ke2 Bc5 28. Kd3 Bxd4 29. cxd4 Kd7 30. Rd2 Rc1 31. Re2 b5 32. Ke4 a5 33. f4 Rc4 34. g4 a4 35. h4 b4 36. Rb2 Kc6 37. f5 Kb5 38. h5 Rc1 39. fxe6 fxe6 40. Kd3 Rc3+ 41. Ke4 Kc4 42. Rd2 b3 43. axb3+ axb3 44. Rb2 Rd3 45. d5 Rxd5 46. g5 Rd4+ 47. Ke3 Rg4 48. g6 hxg6 49. hxg6 Rxg6 0-1

[Event "Glorney Cup"]
[Site "Stirling"]
[Date "2014.08.04"]
[Round "2.5"]
[White "Sutton, Daniel"]
[Black "He, Ben"]
[Result "1-0"]
[WhiteElo "1743"]
[BlackElo "1737"]
[PlyCount "72"]
[EventDate "2014.08.04"]
[EventType "team-tourn"]
[EventRounds "6"]
[EventCountry "SCO"]
[SourceTitle "CBM 162 Extra"]
[Source "ChessBase"]
[SourceDate "2014.10.17"]
[SourceVersion "1"]
[SourceVersionDate "2014.10.17"]
[SourceQuality "1"]
[WhiteTeam "England"]
[BlackTeam "Scotland"]
[WhiteTeamCountry "ENG"]
[BlackTeamCountry "SCO"]

1. e4 b6 2. d4 Bb7 3. Bd3 e6 4. Qe2 Nf6 5. Nf3 c5 6. c3 Be7 7. 0-0 0-0 8. Nbd2 d6 9. e5 Nh5 10. Ne4 d5 11. Neg5 g6 12. g4 Ng7 13. h4 Nc6 14. h5 cxd4 15. cxd4 Nb4 16. hxg6 fxg6 17. Kg2 Rc8 18. Bd2 Nc2 19. Bxc2 Rxc2 20. Qd3 Qc8 21. Rh1 Ba6 22. Qe3 h5 23. gxh5 gxh5 24. Rag1 Rf5 25. Kh2 Bxg5 26. Nxg5 Qf8 27. Rg2 Qe7 28. Rhg1 Rc7 29. Nh3 Qh4 30. Qh6 Rff7 31. Qxe6 Kf8 32. Bh6 Bc8 33. Bxg7+ Rxg7 34. Qd6+ Rce7 35. Qe6 Ba6 36. Qh6 Ke8 1-0

[Event "British-ch 5-day op AM Week 1"]
[Site "Torquay"]
[Date "2013.08.02"]
[Round "5.13"]
[White "Sutton, Daniel"]
[Black "Freeland, Alex"]
[Result "1-0"]
[WhiteElo "1616"]
[BlackElo "1844"]
[PlyCount "53"]
[EventDate "2013.07.29"]
[EventType "swiss"]
[EventRounds "5"]
[EventCountry "ENG"]
[SourceTitle "EXT 2023"]
[Source "ChessBase"]
[SourceDate "2022.10.05"]
[SourceVersion "1"]
[SourceVersionDate "2022.10.05"]
[SourceQuality "1"]

1. e4 c5 2. c3 g6 3. d4 cxd4 4. cxd4 d5 5. exd5 Nf6 6. Nc3 Bg7 7. Bc4 0-0 8. Nf3 Nbd7 9. a3 Nb6 10. Ba2 Nbxd5 11. 0-0 b6 12. Re1 Bb7 13. Ne5 Rc8 14. Bd2 a6 15. Rc1 Rc7 16. g4 e6 17. h4 Nd7 18. g5 b5 19. h5 Nxe5 20. dxe5 Nxc3 21. Rxc3 Rxc3 22. bxc3 gxh5 23. Bb1 h6 24. Qc2 Re8 25. gxh6 Qh4 26. Qh7+ Kf8 27. Qxg7+ 1-0

[Event "BCF-chT3S 1213 (4NCL)"]
[Site "England"]
[Date "2012.11.03"]
[Round "1.219"]
[White "Jaszkiwskyj, Peter"]
[Black "Sutton, Daniel"]
[Result "1/2-1/2"]
[WhiteElo "1956"]
[BlackElo "1604"]
[PlyCount "80"]
[EventDate "2012.11.03"]
[EventType "team-swiss"]
[EventRounds "6"]
[EventCountry "ENG"]
[SourceTitle "EXT 2014"]
[Source "ChessBase"]
[SourceDate "2013.11.20"]
[SourceVersion "1"]
[SourceVersionDate "2013.11.20"]
[SourceQuality "1"]
[WhiteTeam "The Rookies"]
[BlackTeam "Sussex Smart Survivors II"]
[WhiteTeamCountry "ENG"]
[BlackTeamCountry "ENG"]

1. d4 Nf6 2. Nf3 g6 3. c4 Bg7 4. Nc3 d5 5. Bf4 0-0 6. e3 c5 7. Qb3 dxc4 8. Qxc4 cxd4 9. Nxd4 Nc6 10. Nxc6 bxc6 11. Qxc6 Bd7 12. Qc7 Rc8 13. Qxd8 Rfxd8 14. Ba6 Rc6 15. Bb7 Rc5 16. h3 Nh5 17. Bh2 e5 18. Rd1 Nf6 19. Nd5 Nxd5 20. Bxd5 Ba4 21. Bb3 Rxd1+ 22. Bxd1 Bb5 23. Kd2 e4 24. Bc2 Bxb2 25. Bxe4 Bc3+ 26. Kc1 Be1+ 27. Kb2 Bxf2 28. Bf4 Bxe3 29. Bxe3 Re5 30. Bxa7 Rxe4 31. Kb3 Bc4+ 32. Kc3 Bxa2 33. Kd3 Re6 34. Ra1 Bd5 35. g3 h5 36. Be3 Kf8 37. Ra7 Ke8 38. h4 Re7 39. Rxe7+ Kxe7 40. Kd4 Bf3 1/2-1/2

[Event "BCF-ch U16"]
[Site "North Shields"]
[Date "2012.07.27"]
[Round "6.12"]
[White "Sutton, Daniel"]
[Black "Malhotra, Tarun"]
[Result "0-1"]
[WhiteElo "1554"]
[BlackElo "2005"]
[PlyCount "100"]
[EventDate "2012.07.23"]
[EventType "swiss"]
[EventRounds "7"]
[EventCountry "ENG"]
[SourceTitle "EXT 2023"]
[Source "ChessBase"]
[SourceDate "2022.10.05"]
[SourceVersion "1"]
[SourceVersionDate "2022.10.05"]
[SourceQuality "1"]

1. e4 c5 2. d4 cxd4 3. c3 dxc3 4. Nxc3 Nc6 5. Nf3 d6 6. Bc4 e6 7. 0-0 Nf6 8. Qe2 Be7 9. Rd1 e5 10. h3 0-0 11. Be3 Be6 12. Bxe6 fxe6 13. Bc5 Qb8 14. Ba3 h6 15. Rd2 a6 16. Rad1 Rd8 17. Qc4 Kf7 18. g4 Ne8 19. Ne2 Qc7 20. Ng3 b5 21. Qb3 b4 22. Bxb4 Rab8 23. Rc1 Rxb4 24. Rxc6 Rxb3 25. Rxc7 Rxf3 26. Ra7 g6 27. Kg2 Rf6 28. Rd3 Rc8 29. Rb3 Rc7 30. Ra8 Ng7 31. Rxa6 d5 32. f3 Rd7 33. a4 Kg8 34. Rc6 Rf8 35. Rb5 d4 36. Ne2 d3 37. Nc3 d2 38. Nd1 Bh4 39. a5 Rd3 40. Rc3 Rxc3 41. bxc3 Ra8 42. Rxe5 Bd8 43. Rb5 Bxa5 44. Rb2 Rd8 45. Rc2 e5 46. Kf2 Ne6 47. h4 Bb6+ 48. Kf1 Nf4 49. h5 gxh5 50. gxh5 Rd3 0-1